| 000 | 00447nam a2200157 4500 | ||
|---|---|---|---|
| 001 | 116703 | ||
| 003 | ES-MaACL | ||
| 005 | 20230906190743.0 | ||
| 007 | t| | ||
| 008 | 061121s1962 sp r ||||1| spa d | ||
| 100 | 1 |
_aPascales, Mario. _989317 |
|
| 245 | 1 | 0 |
_aPor qué los hombres se quedan calvos / _cMario Pascales. |
| 260 |
_aZaragoza : _b[s.n.], _c1962 ( _fLib. General) |
||
| 300 |
_a117 p. ; _c18 cm. |
||
| 852 |
_aES-MaACL _jC-22069 _bR.50371 |
||
| 999 |
_c116703 _d116703 |
||